00641nam a22001817a 450000500170000001000150001702000260003203500140005803700130007208200100008524500730009526000390016827001170020730000270032450000740035170000130042570000210043820190330142443.0 aENG-124962 a9789387871342c250.00 aEN-108494 bDBAD/PUB a305.4 aWomen unlimited/ced. by A Tamilselv; K. Selvi [and] G. Jothilakshmi aMaduribShanlax Publicationsc2018 a61,66 T.P.K.Main Road, Vasant NagarbMaduri, Tamil Nadue625003k0452-4208765mpublisher@shanlaxpublications.com a128p.c21cm(pbk)bill. aIn fond memory of our beloved Kalai Annai Dr. (Mrs. Radha Thiagarajan aSelvi K. aJothilakshmi G.